<?xml version="1.0" encoding="UTF-8"?>
<record
    xmlns:xsi="http://www.w3.org/2001/XMLSchema-instance"
    xsi:schemaLocation="http://www.loc.gov/MARC21/slim http://www.loc.gov/standards/marcxml/schema/MARC21slim.xsd"
    xmlns="http://www.loc.gov/MARC21/slim">

  <leader>00564nam a22001337a 4500</leader>
  <datafield tag="040" ind1=" " ind2=" ">
    <subfield code="c">RUA</subfield>
  </datafield>
  <datafield tag="082" ind1=" " ind2=" ">
    <subfield code="a">AVM LY 2013 B108 Or.1</subfield>
  </datafield>
  <datafield tag="100" ind1=" " ind2=" ">
    <subfield code="a">LY, YOUSEANG.</subfield>
  </datafield>
  <datafield tag="245" ind1=" " ind2=" ">
    <subfield code="a">Study of pig diarrhea in prah sdach district prey veng province, &#x179F;&#x17B7;&#x1780;&#x17D2;&#x179F;&#x17B6;&#x1796;&#x17B8;&#x1787;&#x17C6;&#x1784;&#x17BA;&#x179A;&#x17B6;&#x1780;&#x1787;&#x17D2;&#x179A;&#x17BC;&#x1780; &#x1793;&#x17C5;&#x179F;&#x17D2;&#x179A;&#x17BB;&#x1780;&#x1796;&#x17D2;&#x179A;&#x17C7;&#x179F;&#x17D2;&#x178A;&#x17C1;&#x1785; &#x1781;&#x17C1;&#x178F;&#x17D2;&#x178A;&#x1796;&#x17D2;&#x179A;&#x17C3;&#x179C;&#x17C2;&#x1784;</subfield>
  </datafield>
  <datafield tag="260" ind1=" " ind2=" ">
    <subfield code="a">Phnom Penh</subfield>
    <subfield code="b">RUA</subfield>
    <subfield code="c">2013</subfield>
  </datafield>
  <datafield tag="300" ind1=" " ind2=" ">
    <subfield code="a">xi; 70p.</subfield>
    <subfield code="b">ill.</subfield>
    <subfield code="c">29cm.</subfield>
  </datafield>
  <datafield tag="856" ind1=" " ind2=" ">
    <subfield code="u">https://drive.google.com/file/d/1KTq8gxYXtOWxkJuBruKodJjO2KMpf-EG/view?usp=sharing</subfield>
  </datafield>
  <datafield tag="942" ind1=" " ind2=" ">
    <subfield code="c">AVM</subfield>
  </datafield>
  <datafield tag="999" ind1=" " ind2=" ">
    <subfield code="c">2663</subfield>
    <subfield code="d">2663</subfield>
  </datafield>
  <datafield tag="952" ind1=" " ind2=" ">
    <subfield code="0">0</subfield>
    <subfield code="1">0</subfield>
    <subfield code="2">ddc</subfield>
    <subfield code="4">0</subfield>
    <subfield code="6">AVM_LY_2013_000000000000000_B108_OR_1</subfield>
    <subfield code="7">0</subfield>
    <subfield code="9">12526</subfield>
    <subfield code="a">LBB</subfield>
    <subfield code="b">LBB</subfield>
    <subfield code="c">B108</subfield>
    <subfield code="d">2015-10-25</subfield>
    <subfield code="l">1</subfield>
    <subfield code="o">AVM LY 2013 B108 Or.1</subfield>
    <subfield code="p">RUA018298</subfield>
    <subfield code="r">2017-10-21</subfield>
    <subfield code="s">2017-10-07</subfield>
    <subfield code="w">2015-10-25</subfield>
    <subfield code="y">AVM</subfield>
  </datafield>
  <datafield tag="952" ind1=" " ind2=" ">
    <subfield code="0">0</subfield>
    <subfield code="1">0</subfield>
    <subfield code="2">ddc</subfield>
    <subfield code="4">0</subfield>
    <subfield code="6">AVM_LY_2013_000000000000000_B108_OR_2</subfield>
    <subfield code="7">0</subfield>
    <subfield code="9">12527</subfield>
    <subfield code="a">LBB</subfield>
    <subfield code="b">LBB</subfield>
    <subfield code="c">B108</subfield>
    <subfield code="d">2015-10-25</subfield>
    <subfield code="l">2</subfield>
    <subfield code="o">AVM LY 2013 B108 Or.2</subfield>
    <subfield code="p">RUA018297</subfield>
    <subfield code="r">2018-09-25</subfield>
    <subfield code="s">2018-09-17</subfield>
    <subfield code="w">2015-10-25</subfield>
    <subfield code="y">AVM</subfield>
  </datafield>
  <datafield tag="952" ind1=" " ind2=" ">
    <subfield code="0">0</subfield>
    <subfield code="1">0</subfield>
    <subfield code="2">ddc</subfield>
    <subfield code="4">0</subfield>
    <subfield code="6">AVM_LY_2013_000000000000000_B108_OR_3</subfield>
    <subfield code="7">0</subfield>
    <subfield code="9">12528</subfield>
    <subfield code="a">LBB</subfield>
    <subfield code="b">LBB</subfield>
    <subfield code="c">B108</subfield>
    <subfield code="d">2015-10-25</subfield>
    <subfield code="l">3</subfield>
    <subfield code="m">3</subfield>
    <subfield code="o">AVM LY 2013 B108 Or.3</subfield>
    <subfield code="p">RUA008739</subfield>
    <subfield code="r">2016-08-03</subfield>
    <subfield code="s">2016-07-26</subfield>
    <subfield code="w">2015-10-25</subfield>
    <subfield code="y">AVM</subfield>
  </datafield>
  <datafield tag="952" ind1=" " ind2=" ">
    <subfield code="0">0</subfield>
    <subfield code="1">0</subfield>
    <subfield code="2">ddc</subfield>
    <subfield code="4">0</subfield>
    <subfield code="6">AVM_LY_2013_000000000000000_B108_OR_4</subfield>
    <subfield code="7">0</subfield>
    <subfield code="9">12529</subfield>
    <subfield code="a">LBB</subfield>
    <subfield code="b">LBB</subfield>
    <subfield code="c">B108</subfield>
    <subfield code="d">2015-10-25</subfield>
    <subfield code="o">AVM LY 2013 B108 Or.4</subfield>
    <subfield code="p">RUA008598</subfield>
    <subfield code="r">2015-10-25</subfield>
    <subfield code="w">2015-10-25</subfield>
    <subfield code="y">AVM</subfield>
  </datafield>
  <datafield tag="952" ind1=" " ind2=" ">
    <subfield code="0">0</subfield>
    <subfield code="1">0</subfield>
    <subfield code="2">ddc</subfield>
    <subfield code="4">0</subfield>
    <subfield code="6">AVM_LY_2013_000000000000000_B108_OR_5</subfield>
    <subfield code="7">0</subfield>
    <subfield code="9">12530</subfield>
    <subfield code="a">LBB</subfield>
    <subfield code="b">LBB</subfield>
    <subfield code="c">B108</subfield>
    <subfield code="d">2015-10-25</subfield>
    <subfield code="o">AVM LY 2013 B108 Or.5</subfield>
    <subfield code="p">RUA008596</subfield>
    <subfield code="r">2015-10-25</subfield>
    <subfield code="w">2015-10-25</subfield>
    <subfield code="y">AVM</subfield>
  </datafield>
  <datafield tag="952" ind1=" " ind2=" ">
    <subfield code="0">0</subfield>
    <subfield code="1">0</subfield>
    <subfield code="2">ddc</subfield>
    <subfield code="4">0</subfield>
    <subfield code="6">AVM_LY_2013_000000000000000_B108_OR_6</subfield>
    <subfield code="7">0</subfield>
    <subfield code="9">12531</subfield>
    <subfield code="a">LBB</subfield>
    <subfield code="b">LBB</subfield>
    <subfield code="c">B108</subfield>
    <subfield code="d">2015-10-25</subfield>
    <subfield code="l">4</subfield>
    <subfield code="o">AVM LY 2013 B108 Or.6</subfield>
    <subfield code="p">RUA008758</subfield>
    <subfield code="r">2018-11-30</subfield>
    <subfield code="s">2018-11-12</subfield>
    <subfield code="w">2015-10-25</subfield>
    <subfield code="y">AVM</subfield>
  </datafield>
  <datafield tag="952" ind1=" " ind2=" ">
    <subfield code="0">0</subfield>
    <subfield code="1">0</subfield>
    <subfield code="2">ddc</subfield>
    <subfield code="4">0</subfield>
    <subfield code="6">AVM_LY_2013_000000000000000_B108_OR_7</subfield>
    <subfield code="7">0</subfield>
    <subfield code="9">12532</subfield>
    <subfield code="a">LBB</subfield>
    <subfield code="b">LBB</subfield>
    <subfield code="c">B108</subfield>
    <subfield code="d">2015-10-25</subfield>
    <subfield code="o">AVM LY 2013 B108 Or.7</subfield>
    <subfield code="p">RUA008830</subfield>
    <subfield code="r">2015-10-25</subfield>
    <subfield code="w">2015-10-25</subfield>
    <subfield code="y">AVM</subfield>
  </datafield>
  <datafield tag="952" ind1=" " ind2=" ">
    <subfield code="0">0</subfield>
    <subfield code="1">0</subfield>
    <subfield code="2">ddc</subfield>
    <subfield code="4">0</subfield>
    <subfield code="6">AVM_LY_2013_000000000000000_B108_OR_8</subfield>
    <subfield code="7">0</subfield>
    <subfield code="9">12533</subfield>
    <subfield code="a">LBB</subfield>
    <subfield code="b">LBB</subfield>
    <subfield code="c">B108</subfield>
    <subfield code="d">2015-10-25</subfield>
    <subfield code="l">2</subfield>
    <subfield code="o">AVM LY 2013 B108 Or.8</subfield>
    <subfield code="p">RUA008008</subfield>
    <subfield code="r">2017-02-06</subfield>
    <subfield code="s">2017-02-06</subfield>
    <subfield code="w">2015-10-25</subfield>
    <subfield code="y">AVM</subfield>
  </datafield>
</record>
